Lucy Dacus - Strange Torpedo (lyrics) - Statistics

General Stats
  • This quiz has been taken 9 times
  • The average score is 335 of 378
Answer Stats
Answer % Correct
a
100%
and
100%
And
100%
fool
100%
I
100%
I'll
100%
I'm
100%
it
100%
look
100%
loose
100%
me
100%
my
100%
on
100%
play
100%
strange
100%
Strange
100%
the
100%
them
100%
to
100%
torpedo
100%
when
100%
You
100%
you
100%
your
100%
Your
100%
you're
100%
You're
100%
alive
83%
are
83%
bad
83%
before
83%
body's
83%
breath
83%
bunch
83%
but
83%
cannot
83%
Can't
83%
can't
83%
'cause
83%
cloud
83%
day
83%
Do
83%
do
83%
dollar
83%
even
83%
every
83%
everytime
83%
eye
83%
eyes
83%
face
83%
for
83%
forgot
83%
found
83%
get
83%
gonna
83%
got
83%
habits
83%
happen
83%
hard
83%
have
83%
heard
83%
hope
83%
if
83%
in
83%
is
83%
it's
83%
just
83%
kind
83%
know
83%
lie
83%
like
83%
long
83%
looking
83%
looks
83%
lost
83%
love
83%
make
83%
might've
83%
more
83%
morning
83%
never
83%
Not
83%
of
83%
one
83%
overdrive
83%
pocket
83%
regrets
83%
remember
83%
secret
83%
see
83%
Seems
83%
smoke
83%
so
83%
sock
83%
something
83%
spot
83%
surprised
83%
tell
83%
telling
83%
that
83%
think
83%
time
83%
try
83%
trying
83%
understand
83%
use
83%
way
83%
weakness
83%
what
83%
you'll
83%
yourself
83%
you've
83%
am
67%
anything
67%
around
67%
been
67%
check
67%
cheeks
67%
doesn't
67%
exist
67%
falling
67%
haven't
67%
head
67%
hit
67%
keep
67%
or
67%
place?
67%
pretending
67%
red
67%
right
67%
slurred
67%
solid
67%
starting
67%
stop
67%
thought
67%
toy
67%
words
67%
wrong
67%
yet
67%
You'd
67%
you'd
67%
blood
50%
bottom
50%
gold
50%
gotta
50%
pebble
50%
rock
50%
rushing
50%
sit
50%
tongue-tied
50%
wild
50%
mind
33%
No matching quizzes found
Score Distribution
Percent of People with Each Score
Percentile by Number Answered
Your Score History
You have not taken this quiz